| 000 | 00809cab a2200241 4500 | ||
|---|---|---|---|
| 001 | WB3446-30 | ||
| 008 | 090401t1998 xxu||||| |||| 00| 0 eng d | ||
| 035 | _a(Sirsi) u90043 | ||
| 041 | _aeng | ||
| 245 | _aAgents win commission row | ||
| 260 | _c1998 | ||
| 350 | _a0 | ||
| 490 |
_aEstates Gazette _v(9848) 28 November 1998, 41(1) |
||
| 520 | _aClaims by agents to be paid when a client pulls out of a deal where strengthened when FPD Savills won a legal battle in a case where the deal would have gone through if their client had not changed their terms. | ||
| 650 | _aAGENTS FEES | ||
| 650 | _aCOMMISSION | ||
| 650 | _aFPD SAVILLS | ||
| 650 | _aLAND AGENTS | ||
| 650 | _aPROPERTY DEALS | ||
| 690 | _aMANAGEMENT-BUSINESS MANAGEMENT-PROFESSIONAL PRACTICE | ||
| 942 | _n0 | ||
| 948 | _c01/12/1998 | ||
| 999 |
_c57021 _d57021 |
||